<?xml version="1.0" encoding="UTF-8"?>
<collection xmlns:xsi="http://www.w3.org/2001/XMLSchema-instance" xsi:schemaLocation="http://www.loc.gov/MARC21/slim http://www.loc.gov/standards/marcxml/schema/MARC21slim.xsd" xmlns="http://www.loc.gov/MARC21/slim">
 <record>
  <leader>00000ctm a22000003a 4500</leader>
  <controlfield tag="001">UP-99796217609824854</controlfield>
  <controlfield tag="003">Buklod</controlfield>
  <controlfield tag="005">20110513090346.0</controlfield>
  <controlfield tag="006">m     o  j        </controlfield>
  <controlfield tag="007">ta</controlfield>
  <controlfield tag="008">110513s2011    xx     d     r    |||| u|</controlfield>
  <datafield tag="035" ind1=" " ind2=" ">
   <subfield code="a">(iLib)UPD-00172803184</subfield>
  </datafield>
  <datafield tag="040" ind1=" " ind2=" ">
   <subfield code="a">DLS</subfield>
  </datafield>
  <datafield tag="041" ind1=" " ind2=" ">
   <subfield code="a">eng</subfield>
  </datafield>
  <datafield tag="090" ind1=" " ind2=" ">
   <subfield code="a">LG 993.5 2011 L4</subfield>
   <subfield code="b">L86</subfield>
  </datafield>
  <datafield tag="100" ind1="0" ind2=" ">
   <subfield code="a">Luna, Joselino Emmanuel R.</subfield>
   <subfield code="e">author.</subfield>
  </datafield>
  <datafield tag="245" ind1="0" ind2="2">
   <subfield code="a">Usability in web-based online public access catalogs</subfield>
   <subfield code="b">desgining human - centered library information systems</subfield>
   <subfield code="c">Joselino Emmanuel R. Luna ; Johann Frederick A. Cabbab, adviser.</subfield>
  </datafield>
  <datafield tag="264" ind1=" " ind2="1">
   <subfield code="a">Quezon City : School of Library and Information Studies, University of the Philippines Diliman</subfield>
   <subfield code="c">2011.</subfield>
  </datafield>
  <datafield tag="300" ind1=" " ind2=" ">
   <subfield code="a">xi, 67 leaves</subfield>
   <subfield code="b">illustrations</subfield>
  </datafield>
  <datafield tag="500" ind1=" " ind2=" ">
   <subfield code="a">Vita.</subfield>
  </datafield>
  <datafield tag="502" ind1=" " ind2=" ">
   <subfield code="a">Thesis (Bachelor of Library and Information Science)--University of the Philippines Diliman</subfield>
   <subfield code="d">April 2011.</subfield>
  </datafield>
  <datafield tag="520" ind1="3" ind2=" ">
   <subfield code="a">Through the five (5) aspects of usability, enhancement and modifications were applied to creation of an OPAC prototype (Aklatan).  The prototype was based from the current OPAC (iLib) and Information Retrieval (IR) systems available on the Internet.</subfield>
  </datafield>
  <datafield tag="520" ind1="3" ind2=" ">
   <subfield code="a">A usability study was conducted to students, librarians and educators of  the University of the Philippines Diliman to determine the satisfaction ratings of the users on the current OPAC and the new OPAC prototype.  Comparing the satisfaction ratings of the two systems, results show that there is an increase of 38.9%1 in satisfaction ratings among respondents in terms of ease of search, and a 24.09% increase in satisfaction in terms of the overall system.</subfield>
  </datafield>
  <datafield tag="520" ind1="3" ind2=" ">
   <subfield code="a">It was concluded that there is a direct correlation between the implementation of usability features and the increase of satisfaction ratings among respondents.</subfield>
  </datafield>
  <datafield tag="520" ind1="3" ind2=" ">
   <subfield code="a">Recommendations include the implementation of more complex methods to increase usability such as thesaural lookup for keyword terms used in searches. It was also determined more beneficial if the study was extended to study the impact the system on a longer term.  This would determine the effect on the system in terms of ROI for the institution and the greater impact on the retrieval of materials of the patrons of the library.</subfield>
  </datafield>
  <datafield tag="650" ind1="1" ind2="7">
   <subfield code="a">Online library catalogs.</subfield>
  </datafield>
  <datafield tag="650" ind1="1" ind2="7">
   <subfield code="a">Web-based user interfaces.</subfield>
  </datafield>
  <datafield tag="700" ind1="1" ind2=" ">
   <subfield code="a">Cabbab, Johann Frederick A.</subfield>
   <subfield code="e">adviser.</subfield>
  </datafield>
  <datafield tag="905" ind1=" " ind2=" ">
   <subfield code="a">FI</subfield>
  </datafield>
  <datafield tag="905" ind1=" " ind2=" ">
   <subfield code="a">UP</subfield>
  </datafield>
  <datafield tag="852" ind1="0" ind2=" ">
   <subfield code="a">UPD</subfield>
   <subfield code="b">DLS</subfield>
   <subfield code="h">LG 993.5 2011 L4 L86</subfield>
  </datafield>
  <datafield tag="942" ind1=" " ind2=" ">
   <subfield code="a">Thesis</subfield>
  </datafield>
 </record>
</collection>
